000 004470000a22001450004500
090 _aAR
_b00650
245 1 0 _aObservations on biological aspects of productivity of forest ecosystems
650 1 4 _aBosques tropicales
_992765
650 1 4 _aCambios vegetacionales
_993762
650 1 4 _aEspecies forestales
_992707
041 0 _aInglés
100 1 _aRamakrishnan, P. S.
_993763
942 _cARTICULO
773 1 _tGlimpses of Ecology
_3252
_q193-199
_d1982?
999 _c9742
_d9742